| 000 | 01831nam a22003257a 4500 | ||
|---|---|---|---|
| 005 | 20100811140359.0 | ||
| 010 | _aHIN-90291 B-438089 | ||
| 020 |
_c200.00 _a9788126319626 |
||
| 035 | _aHN-62637 | ||
| 035 | _a B-438089 | ||
| 037 | _bDBAD / PUB | ||
| 037 | _bAllied pub. | ||
| 082 | _aउ | ||
| 100 |
_aकुणाल सिंह _938248 |
||
| 245 |
_aआदिग्राम उपाख्यान / _cकुणाल सिंह |
||
| 246 |
_aAadigram Upakhyan _bby Kunal Singh |
||
| 260 |
_aनई दिल्ली _bभारतीय ज्ञानपीठ _c2010 |
||
| 270 |
_a18, इन्स्टीटयूशनल एरिया, लोदी रोड़ _bनई दिल्ली _e110003 _msales@jnanpith.net _k011-41611861, 40712100 |
||
| 300 |
_a184पृ _c22सेमी (सजिल्द) |
||
| 490 |
_aलोकोदय ग्रन्थमाला : ग्रन्थांक 1045 / रवीन्द्र कलिया द्वारा संपादित _938249 |
||
| 650 |
_bहिन्दी कथा साहित्य _9657 |
||
| 650 |
_bHindi Katha Sahitya _9658 |
||
| 700 | _97228 | ||
| 700 | _97267 | ||
| 700 | _97698 | ||
| 942 |
_adpl _cHN _k _2ddc _mकुणाल _hउ |
||
| 999 |
_c40991 _d40991 |
||